| 000 | 02112nam a2200493 i 4500 | ||
|---|---|---|---|
| 001 | 14286 | ||
| 003 | KOSZ 005 | ||
| 005 | 20220426092805.0 | ||
| 008 | 071125s1972 pl a f 001 0 pol | ||
| 015 | _aPB 1972/7928 | ||
| 035 | _a991038595319705066 | ||
| 035 | _a(PL-WaBN)b20332397-48omnis_nlop | ||
| 035 | _ab20332397 | ||
| 035 | _a(OCoLC)749371685 | ||
| 035 | _a(PL)b0000002033239 | ||
| 035 | _a(EXLNZ-48OMNIS_NETWORK)9910340736605606 | ||
| 040 |
_aWA N _cWA N _dKOSZ 005/RW _dKOSZ 005/HR |
||
| 041 | 1 |
_apol _heng |
|
| 046 | _k1967 | ||
| 080 | _a002.1 | ||
| 100 | 1 |
_aMeadow, Charles T. _d(1929- ). _eAutor |
|
| 245 | 1 | 0 |
_aAnaliza systemów informacyjnych : _bwyszukiwanie, organizacja i przetwarzanie informacji / _cCharles T. Meadow ; [tłumaczenie Mikołaj Poletyłło [!] et al.]. |
| 246 | 1 |
_iTytuł oryginału: _aAnalysis of information systems : _ba programmer's introduction to information retrieval, _f1967 |
|
| 260 |
_aWarszawa : _bWydawnictwa Naukowo-Techniczne, _c1972. |
||
| 300 |
_a339, [1] stron : _bilustracje, errata ; _c25 cm. |
||
| 336 |
_aTekst _btxt _2rdacontent |
||
| 337 |
_aBez urządzenia pośredniczącego _bn _2rdamedia |
||
| 338 |
_aWolumin _bnc _2rdacarrier |
||
| 380 | _aKsiążki | ||
| 388 | _a1901-2000 | ||
| 490 | 1 | _aInformatyka. Przetwarzanie Informacji i Maszyny Matematyczne | |
| 500 | _aTytuł oryginału: The analysis of information system : a programmer's introduction to information retrieval, 1967. | ||
| 504 | _aBibliografia przy rozdziałach. Indeks. | ||
| 650 | 7 |
_aInformacja naukowa _2DBN |
|
| 650 | 7 | _aSystemy informacyjne | |
| 650 | 7 |
_aPrzetwarzanie danych _2DBN |
|
| 658 | _aBibliotekarstwo, archiwistyka, muzealnictwo | ||
| 700 | 1 |
_aPoletyło, Mikołaj. _eTłumaczenie |
|
| 710 | 2 |
_aWydawnictwa Naukowo-Techniczne _4pbl |
|
| 830 | 0 |
_aInformatyka - Wydawnictwa Naukowo-Techniczne _pPrzetwarzanie Informacji i Maszyny Matematyczne |
|
| 856 |
_uhttp://koha.tu.koszalin.pl/cgi-bin/koha/opac-detail.pl?biblionumber=14286 _yKatalog online BPK |
||
| 942 |
_2UKD _cKS |
||
| 999 |
_c14286 _d14286 |
||